000 00308nam a22001337a 4500
008 230627b xxu||||| |||| 00| 0 eng d
020 _a0706924010
082 _a336
_bBHA
100 _cH L Bhatia
245 _aPublic Finance
260 _bPublishing House PVT LTD
_c1976
300 _a624p
942 _2ddc
_cBK
999 _c2895
_d2895